Marketbeat UK investment market (Record no. 83952)

MARC details
000 -LEADER
fixed length control field 01331cab a22002055a 4500
001 - CONTROL NUMBER
control field L156115
008 - FIXED-LENGTH DATA ELEMENTS--GENERAL INFORMATION
fixed length control field 120430s2012 xxk 000 0 eng d
035 ## - SYSTEM CONTROL NUMBER
System control number (Sirsi) u156115
041 0# - LANGUAGE CODE
Language code of text/sound track or separate title eng
110 2# - MAIN ENTRY--CORPORATE NAME
Corporate name or jurisdiction name as entry element Cushman & Wakefield
9 (RLIN) 5888
245 00 - TITLE STATEMENT
Title Marketbeat UK investment market
Remainder of title monthly briefing
Medium [electronic resource]
260 ## - PUBLICATION, DISTRIBUTION, ETC.
Place of publication, distribution, etc. London
Name of publisher, distributor, etc. Cushman & Wakefield
Date of publication, distribution, etc. 2012
490 #0 - SERIES STATEMENT
Series statement Cushman & Wakefield Marketbeat UK Investment Market Monthly Briefing
Volume/sequential designation April 2012
520 ## - SUMMARY, ETC.
Summary, etc. Prime yields were broadly stable at an average of 5.76% in March but secondary yields found themselves under increasing pressure. It is only a lack of transactional evidence which has prevented a marked outward shift thus far. Investor interest is strongest in London and some way in excess of supply for prime, retail in particular. Graph covers core versus non-core prime yields 2009-2012. Tables present yields - prime property and yields - other investment sectors 1950-2012; current prime market yields by sector 2007-2012.
590 ## - LOCAL NOTE (RLIN)
Local note KA
651 #4 - SUBJECT ADDED ENTRY--GEOGRAPHIC NAME
Geographic name United Kingdom
690 ## - LOCAL SUBJECT ADDED ENTRY--TOPICAL TERM (OCLC, RLIN)
Topical term or geographic name as entry element Commercial property
9 (RLIN) 6227
856 40 - ELECTRONIC LOCATION AND ACCESS
Uniform Resource Identifier <a href="https://www.cushwake.com/cwglobal/jsp/kcReportDetail.jsp?Country=GLOBAL&Language=EN&catId=100001&pId=c42300002p">https://www.cushwake.com/cwglobal/jsp/kcReportDetail.jsp?Country=GLOBAL&Language=EN&catId=100001&pId=c42300002p</a>
Public note View the report after free registration with the Knoweldge Center) at www.cushwake.com
942 ## - ADDED ENTRY ELEMENTS (KOHA)
Suppress in OPAC 0
Holdings
Withdrawn status Lost status Source of classification or shelving scheme Damaged status Not for loan Home library Current library Shelving location Date acquired Total Checkouts Full call number Barcode Date last seen Copy number Price effective from Koha item type
    Dewey Decimal Classification     Virtual Virtual Online 30/04/2012   ONLINE PUBLICATION 156115-2001 06/08/2019 1 06/08/2019 Book